Normal view
MARC view
- Golam Kibria
Entry Personal Name
001 - CONTROL NUMBER
- control field: 270
003 - CONTROL NUMBER IDENTIFIER
- control field: OSt
005 - DATE AND TIME OF LATEST TRANSACTION
- control field: 20160604114008.0
008 - FIXED-LENGTH DATA ELEMENTS
- fixed length control field: 160604|| aca||aabn | a|a d
040 ## - CATALOGING SOURCE
- Original cataloging agency: OSt
- Transcribing agency: OSt
100 ## - HEADING--PERSONAL NAME
- Personal name: Golam Kibria
670 ## - SOURCE DATA FOUND
- Source citation: Work cat.: (OSt): Golam Kibria A. K. Yousuf Haroon Dayanthi Nugegoda, Climate Change and Agricultural Food Production, 2013
